000 01173nam a22002897a 4500
001 4016
003 FISKH
005 20250422095902.0
008 240531b cb ||||| |||| 00| 0 eng d
020 _a9789814281225
040 _aFISKH
_beng
_cFISKH
_dFISKH
050 _aPZ7
082 _a398.2
100 _aGiles, Jenny
245 _aThe hare and the tortoise /
_cRetold by Jenny Giles ; Illustrated by Pat Reynolds
260 _aVictoria :
_bCengage Learning,
_c1998
300 _a32 unnumbered pages :
_bcolor illustrations ;
_c21 cm
490 _aPM Traditional Tales and Plays
505 _aM
520 _aAesop was born in Thrace but was taken as a slave to the island of Samos in the Adriatic in the 6th century BC. Small Greek tortoises would have lived there - they are half the size of hares. Fables make pertinent comments on human behavioiur and the moral of this one is timeless - 'Steady effort brings rewards.' Set in southern Europe at anytime.
521 8 _a570
_bLexile
521 8 _aM
_bRaz-Plus
650 _aFables
_vFiction
_yAesop
700 _aReynolds, Pat
_eIllustrator
942 _2ddc
_cBK
_n0
999 _c4016
_d4016